[Event "World Rapid 2023"]
[Site "Samarkand UZB"]
[Date "2023.12.27"]
[Round "6.10"]
[White "Jan-Krzysztof Duda"]
[Black "Maksim Chigaev"]
[Result "1/2-1/2"]
[EventDate "2023.12.26"]
[WhiteElo "2732"]
[BlackElo "2621"]
[PlyCount "84"]

1. d4 Nf6 2. c4 g6 3. Nc3 Bg7 4. e4 d6 5. Nf3 O-O 6. Be2 e5 7. O-O exd4 8. Nxd4 Nc6 9. Be3 Re8 10. f3 Nh5 11. Nxc6 bxc6 12. Qd2 a5 13. Rae1 a4 14. Bg5 Bd4+ 15. Kh1 Bxc3 16. bxc3 f6 17. Bh6 c5 18. f4 Bb7 19. Bxh5 gxh5 20. Re3 Kh8 21. Qe2 Qd7 22. e5 Rg8 23. e6 Qe8 24. f5 Rxg2 25. Qxg2 Bxg2+ 26. Kxg2 h4 27. Re4 Qh5 28. Bd2 Rg8+ 29. Kh3 a3 30. Bc1 c6 31. Bd2 d5 32. cxd5 cxd5 33. Ref4 Qe2 34. R1f2 Qd3+ 35. Kxh4 Qb1 36. Be3 Qg1 37. Bxc5 Rg2 38. Rxg2 Qxg2 39. e7 Qxh2+ 40. Kg4 Qg2+ 41. Kh4 Qh2+ 42. Kg4 Qg2+ 1/2-1/2

[Event "World Rapid 2023"]
[Site "Samarkand UZB"]
[Date "2023.12.27"]
[Round "7.11"]
[White "Xiangyu Xu"]
[Black "Jan-Krzysztof Duda"]
[Result "1-0"]
[EventDate "2023.12.26"]
[WhiteElo "2623"]
[BlackElo "2732"]
[PlyCount "96"]

1. d4 Nf6 2. c4 e6 3. Nc3 Bb4 4. Qc2 O-O 5. e4 d6 6. e5 dxe5 7. dxe5 Ng4 8. Nf3 Nc6 9. Bf4 Nd4 10. Qd2 Nxf3+ 11. gxf3 Qxd2+ 12. Kxd2 Nxf2 13. Rg1 Rd8+ 14. Kc2 Bc5 15. Rg2 Bd7 16. Be2 Bc6 17. Rf1 Nh3 18. Bh6 g6 19. Rg3 Nf2 20. Bg5 a5 21. Bxd8 Rxd8 22. f4 h5 23. Bxh5 Ne4 24. Nxe4 Bxe4+ 25. Kc1 Rd3 26. Bf3 Be3+ 27. Kc2 Rd2+ 28. Kc3 Rd3+ 29. Kc2 Rd2+ 30. Kc3 Rc2+ 31. Kb3 Bd3 32. Rd1 a4+ 33. Kxa4 Bxc4 34. Rg2 b5+ 35. Kb4 c5+ 36. Ka5 Bf2 37. h4 Rxb2 38. h5 Rxa2+ 39. Kb6 Be3 40. Rg4 Rf2 41. hxg6 Bd5 42. Bxd5 exd5 43. Rxd5 Rxf4 44. Rxf4 Bxf4 45. Kxc5 fxg6 46. Kd6 Kg7 47. Kd7 Bxe5 48. Rxe5 1-0

[Event "World Rapid 2023"]
[Site "Samarkand UZB"]
[Date "2023.12.27"]
[Round "8.26"]
[White "Jan-Krzysztof Duda"]
[Black "Haowen Xue"]
[Result "0-1"]
[EventDate "2023.12.26"]
[WhiteElo "2732"]
[BlackElo "2455"]
[PlyCount "72"]

1. d4 Nf6 2. c4 e6 3. Nf3 d5 4. g3 dxc4 5. Bg2 Bb4+ 6. Bd2 a5 7. Qc2 b6 8. Ne5 Ra7 9. Nc3 Bb7 10. Qa4+ Nfd7 11. O-O O-O 12. Nxc4 Bxg2 13. Kxg2 Nf6 14. Kg1 Rb7 15. Be3 Ng4 16. Rad1 Bxc3 17. bxc3 b5 18. Qb3 a4 19. Qb1 Qd5 20. Nd2 c5 21. Nf3 Nxe3 22. fxe3 Nd7 23. e4 Qc4 24. e5 Qxe2 25. Rde1 Qc4 26. Ng5 g6 27. Qe4 Rc7 28. Qh4 h5 29. g4 Qxc3 30. Re4 f5 31. exf6 Rxf6 32. Nxe6 Rxf1+ 33. Kxf1 Nf8 34. Ng5 Qd3+ 35. Kg1 cxd4 36. gxh5 Rc1+ 0-1

[Event "World Rapid 2023"]
[Site "Samarkand UZB"]
[Date "2023.12.27"]
[Round "9.44"]
[White "Vugar Asadli"]
[Black "Jan-Krzysztof Duda"]
[Result "1/2-1/2"]
[EventDate "2023.12.26"]
[WhiteElo "2562"]
[BlackElo "2732"]
[PlyCount "134"]

1. e4 e5 2. Nf3 Nf6 3. Nxe5 d6 4. Nf3 Nxe4 5. Nc3 Nxc3 6. dxc3 Be7 7. Be3 Nd7 8. Qd2 O-O 9. O-O-O c6 10. h3 d5 11. c4 Nf6 12. g4 Re8 13. Bd3 Ne4 14. Qe1 Bf6 15. Bxe4 Rxe4 16. cxd5 cxd5 17. Qd2 Ra4 18. Kb1 Be6 19. Bd4 Rc8 20. Bxf6 Qxf6 21. Nd4 Bd7 22. Rhe1 Qa6 23. a3 Qd6 24. Qe3 h6 25. Qe5 Qc5 26. c3 Ra6 27. Nf5 Bxf5+ 28. gxf5 Rb6 29. Rg1 Qxc3 30. Rxg7+ Kf8 31. Qxc3 Rxc3 32. Rg3 Rc5 33. Rgd3 Rd6 34. f6 Ke8 35. Re1+ Re6 36. Rxe6+ fxe6 37. Rg3 Kf7 38. Rg7+ Kxf6 39. Rxb7 a5 40. Rh7 Kg5 41. Rg7+ Kf4 42. Rg6 e5 43. Rxh6 d4 44. Rf6+ Ke4 45. h4 d3 46. Rd6 Rc2 47. b4 axb4 48. axb4 Rxf2 49. b5 Ke3 50. b6 e4 51. b7 Rf8 52. Re6 Rb8 53. Re7 Kf3 54. Kc1 e3 55. Kd1 Rg8 56. Rf7+ Ke4 57. Re7+ Kd4 58. Rd7+ Kc4 59. Rc7+ Kd5 60. Rd7+ Ke4 61. Re7+ Kd4 62. Rd7+ Kc3 63. Rc7+ Kb2 64. Rg7 Rf8 65. Rf7 Rg8 66. Rg7 Rf8 67. Rf7 Rg8 1/2-1/2

[Event "World Rapid 2023"]
[Site "Samarkand UZB"]
[Date "2023.12.26"]
[Round "1.3"]
[White "Jan-Krzysztof Duda"]
[Black "Denis Khismatullin"]
[Result "1/2-1/2"]
[EventDate "2023.12.26"]
[WhiteElo "2791"]
[BlackElo "2507"]
[PlyCount "98"]

1. d4 Nf6 2. Nf3 d5 3. Bf4 c5 4. e3 Nc6 5. Nbd2 Nh5 6. dxc5 Nxf4 7. exf4 g6 8. c3 Bg7 9. Nb3 O-O 10. Be2 a5 11. a4 Qc7 12. g3 Rd8 13. Nfd4 Bh3 14. Nb5 Qd7 15. Qd2 d4 16. N3xd4 Nxd4 17. cxd4 Bxd4 18. Nxd4 Qxd4 19. Qxd4 Rxd4 20. f3 Bd7 21. Rd1 Rxd1+ 22. Bxd1 Rc8 23. Kd2 Rxc5 24. Re1 Kf8 25. Re5 Rxe5 26. fxe5 f6 27. Ke3 Bc6 28. Kd4 b6 29. f4 Kf7 30. Bb3+ Ke8 31. g4 h6 32. h4 g5 33. hxg5 fxg5 34. Ke3 gxf4+ 35. Kxf4 Kf8 36. Kf5 Bd7+ 37. Be6 Be8 38. b3 Kg7 39. Bc4 Bd7+ 40. Kf4 Bc6 41. Be6 Kg6 42. Bc4 Bd7 43. Bd5 Be8 44. Be4+ Kg7 45. Bc2 Bf7 46. Bd1 Kg6 47. Bc2+ Kg7 48. Bd1 Kg6 49. Bc2+ 1/2-1/2

[Event "World Rapid 2023"]
[Site "Samarkand UZB"]
[Date "2023.12.26"]
[Round "2.17"]
[White "Nikita Petrov"]
[Black "Jan-Krzysztof Duda"]
[Result "0-1"]
[EventDate "2023.12.26"]
[WhiteElo "2509"]
[BlackElo "2772"]
[PlyCount "86"]

1. d4 Nf6 2. c4 e6 3. Nc3 Bb4 4. e3 b6 5. Ne2 Ne4 6. Bd2 Nxd2 7. Qxd2 Bb7 8. a3 Be7 9. d5 a5 10. g3 Na6 11. Bg2 Nc5 12. Qc2 O-O 13. O-O Qc8 14. Rad1 a4 15. Nd4 Ra5 16. Rfe1 Ba6 17. Ndb5 Bf6 18. Bf1 g6 19. h4 Bxc3 20. Nxc3 d6 21. e4 e5 22. Kh2 Qd8 23. Qd2 Bc8 24. Qe3 Ra8 25. Bh3 Bxh3 26. Kxh3 f5 27. exf5 Qd7 28. Kg2 gxf5 29. f4 e4 30. Nb5 Rf6 31. Kh2 Kf7 32. Rg1 Rg8 33. Nd4 Ke8 34. Rd2 Kd8 35. Qc3 Rfg6 36. Qe3 Kc8 37. Rdg2 Kb7 38. Rd2 Rg4 39. Rdg2 Nd3 40. Ne6 Qe7 41. Rf1 Qf6 42. Rd1 Qxh4+ 43. Kg1 Rxg3 0-1

[Event "World Rapid 2023"]
[Site "Samarkand UZB"]
[Date "2023.12.26"]
[Round "3.15"]
[White "Jan-Krzysztof Duda"]
[Black "M Amin Tabatabaei"]
[Result "1/2-1/2"]
[EventDate "2023.12.26"]
[WhiteElo "2791"]
[BlackElo "2526"]
[PlyCount "78"]

1. d4 d5 2. c4 c6 3. Nf3 Nf6 4. e3 Bf5 5. Nc3 e6 6. Nh4 Be4 7. f3 Bg6 8. Qb3 Qc7 9. Bd2 Be7 10. Nxg6 hxg6 11. O-O-O dxc4 12. Bxc4 b5 13. Be2 a6 14. Kb1 c5 15. Ne4 Nxe4 16. fxe4 Nc6 17. e5 Rc8 18. Bf3 O-O 19. Rc1 Qb6 20. Rc2 Rfd8 21. dxc5 Bxc5 22. Bxc6 Rxc6 23. Rhc1 Rdc8 24. Qd3 Be7 25. Rxc6 Rxc6 26. Qe4 Rxc1+ 27. Kxc1 b4 28. Kd1 Bc5 29. Ke1 a5 30. h4 Qd8 31. Ke2 Qc8 32. g3 Qa6+ 33. Kf2 Bf8 34. Ke1 Qb5 35. b3 Qc5 36. Ke2 Qb5+ 37. Ke1 Qc5 38. Ke2 Qb5+ 39. Ke1 1/2-1/2

[Event "World Rapid 2023"]
[Site "Samarkand UZB"]
[Date "2023.12.26"]
[Round "4.14"]
[White "Jan-Krzysztof Duda"]
[Black "Jakub Kosakowski"]
[Result "1-0"]
[EventDate "2023.12.26"]
[WhiteElo "2791"]
[BlackElo "2472"]
[PlyCount "176"]

1. e4 c6 2. Nf3 d5 3. exd5 cxd5 4. Ne5 Nc6 5. Bb5 Bd7 6. Nxd7 Qxd7 7. d4 a6 8. Be2 e6 9. c3 Bd6 10. Nd2 Nf6 11. O-O Qc7 12. g3 O-O 13. Bd3 b5 14. a3 e5 15. dxe5 Nxe5 16. Nf3 Nxd3 17. Qxd3 h6 18. Be3 Rfe8 19. Rfd1 Bc5 20. Bd4 Bxd4 21. Nxd4 Qb6 22. Kg2 Re5 23. a4 bxa4 24. Rxa4 Ne4 25. Rb4 Qf6 26. Qf3 Qg6 27. Rb7 Rae8 28. h4 Nc5 29. Ra7 Ne6 30. Kg1 Nxd4 31. Rxd4 Rf5 32. Qd3 Qf6 33. Qc2 h5 34. Kg2 g6 35. Rb7 Re1 36. Rb8+ Kg7 37. Rbb4 Rc1 38. Qd2 Rb1 39. Rxd5 Qc6 40. c4 a5 41. Qd4+ Qf6 42. Qxf6+ Rxf6 43. Rxa5 Rc1 44. Ra3 Rc6 45. Rc3 Rxc3 46. bxc3 Kf6 47. Kf3 Ke6 48. Ke4 Rc8 49. Rb6+ Ke7 50. Kd5 Rd8+ 51. Ke5 Rd2 52. Rb7+ Ke8 53. Rb8+ Ke7 54. Rb7+ Ke8 55. f4 Rd3 56. c5 Rxc3 57. Kf6 Rxc5 58. Re7+ Kd8 59. Rxf7 Rc3 60. Kxg6 Rxg3+ 61. Kxh5 Ke8 62. Rf5 Ke7 63. Rg5 Rh3 64. Kg4 Rh1 65. Rg6 Kf7 66. Ra6 Rb1 67. h5 Rb5 68. Ra7+ Kf6 69. Rh7 Rb1 70. Rh6+ Kg7 71. Rg6+ Kh7 72. f5 Rg1+ 73. Kf4 Rf1+ 74. Kg5 Rg1+ 75. Kf6 Ra1 76. Ke5 Re1+ 77. Kd6 Rh1 78. f6 Rd1+ 79. Ke7 Re1+ 80. Kf8 Ra1 81. Rg7+ Kh8 82. Re7 Ra6 83. f7 Ra8+ 84. Re8 Ra7 85. Rd8 Kh7 86. Ke8 Rb7 87. f8=Q Re7+ 88. Qxe7+ 1-0

[Event "World Rapid 2023"]
[Site "Samarkand UZB"]
[Date "2023.12.26"]
[Round "5.9"]
[White "Robert Hovhannisyan"]
[Black "Jan-Krzysztof Duda"]
[Result "1/2-1/2"]
[EventDate "2023.12.26"]
[WhiteElo "2611"]
[BlackElo "2732"]
[PlyCount "92"]

1. e4 e5 2. Nf3 Nc6 3. Bb5 Nf6 4. O-O Nxe4 5. d4 Nd6 6. Bxc6 dxc6 7. dxe5 Nf5 8. Qxd8+ Kxd8 9. Rd1+ Ke8 10. Nc3 a5 11. a4 h6 12. h3 Be6 13. g4 Ne7 14. Nd4 Bd7 15. Bf4 Rc8 16. Re1 Nd5 17. Nxd5 cxd5 18. e6 fxe6 19. Nxe6 Bxe6 20. Rxe6+ Kf7 21. Rae1 Bc5 22. Bd2 b6 23. Kg2 Rhd8 24. f4 d4 25. g5 hxg5 26. fxg5 Rd5 27. g6+ Kf8 28. Bf4 d3 29. cxd3 Rxd3 30. Bxc7 Rd2+ 31. Kf3 Rxb2 32. R1e4 Rb3+ 33. Kg4 Rb4 34. Rxb4 axb4 35. Bxb6 Be7 36. a5 b3 37. a6 b2 38. Re1 Bc5 39. Bxc5+ Rxc5 40. Rb1 Rc6 41. Kf5 Rf6+ 42. Kg5 Rxa6 43. Rxb2 Ra5+ 44. Kf4 Ra4+ 45. Kf5 Ra5+ 46. Ke4 Ra4+ 1/2-1/2

[Event "FIDE Grand Swiss 2023"]
[Site "Douglas IOM"]
[Date "2023.10.29"]
[Round "5.11"]
[White "Jan-Krzysztof Duda"]
[Black "Mateusz Bartel"]
[Result "1/2-1/2"]
[EventDate "2022.10.25"]
[WhiteElo "2726"]
[BlackElo "2651"]
[PlyCount "224"]

1. d4 d5 2. c4 e6 3. Nc3 c6 4. Nf3 dxc4 5. a4 Bb4 6. e3 b5 7. Bd2 a5 8. axb5 Bxc3 9. Bxc3 cxb5 10. b3 Bb7 11. bxc4 b4 12. Bb2 Nf6 13. Bd3 O-O 14. O-O Nbd7 15. Nd2 Qc7 16. Bc2 Rfb8 17. h3 Bc6 18. e4 b3 19. Bb1 e5 20. d5 Bb7 21. f4 a4 22. Qf3 Re8 23. Ra3 Ra6 24. Qf2 exf4 25. Qxf4 Qxf4 26. Rxf4 Nc5 27. Kf2 Nfd7 28. Bd4 f6 29. Ke3 Raa8 30. Bd3 Kf7 31. Rf1 Ke7 32. Bc3 Kd6 33. Bb4 Reb8 34. e5+ Kc7 35. Bxh7 fxe5 36. Bf5 Bc8 37. Bc3 Kd6 38. Nf3 Ba6 39. Bxd7 Bxc4 40. Bxe5+ Kxd7 41. Rc1 b2 42. Bxb2 Rxb2 43. Ne5+ Ke7 44. Nxc4 Rxg2 45. d6+ Kf6 46. Rf1+ Kg6 47. Kd4 Nb3+ 48. Kd5 Rg5+ 49. Ne5+ Kh7 50. d7 Ra5+ 51. Kd6 Raxe5 52. d8=Q Rd5+ 53. Kc7 Rxd8 54. Kxd8 Rd5+ 55. Ke7 Rd4 56. Ra2 Nc5 57. Rf5 Ne4 58. Rf4 Rb4 59. Kd8 Rd4+ 60. Ke7 Rb4 61. Rg4 Kh6 62. Rag2 g5 63. Ke6 a3 64. Ra2 Rb6+ 65. Ke5 Nf6 66. Rg3 Nh5 67. Rgxa3 Nf4 68. Ra8 Kh5 69. R2a3 Rb5+ 70. Kd4 Rb6 71. Rg8 Rg6 72. Rb8 Re6 73. Kc5 Re5+ 74. Kd6 Re6+ 75. Kd7 Rh6 76. Ke7 Kh4 77. Rb4 Rh7+ 78. Kf6 Rh6+ 79. Kf5 Rh8 80. Rbb3 Rf8+ 81. Ke5 Ng6+ 82. Kd6 Nf4 83. Rg3 Rf5 84. Ke7 Kh5 85. Ra8 Ng6+ 86. Ke6 Rb5 87. Ra7 Nf4+ 88. Kd6 Rb6+ 89. Kc5 Rb8 90. Rh7+ Kg6 91. Rh4 Rf8 92. Kc4 Ne2 93. Rgg4 Rf4+ 94. Kd3 Rxg4 95. Rxg4 Nf4+ 96. Ke3 Nxh3 97. Rg2 Nf4 98. Ra2 Kf5 99. Kf3 Nh5 100. Ra5+ Kg6 101. Ra8 Nf6 102. Kg2 Kf5 103. Ra1 Kg4 104. Rg1 Nh5 105. Kf1+ Kf5 106. Kf2 Nf6 107. Kf3 Kg6 108. Rg2 Kf5 109. Ke3 Nd5+ 110. Kd4 Nf4 111. Rxg5+ Kxg5 112. Ke4 1/2-1/2

[Event "Bundesliga"]
[Site "GER"]
[Date "2023.10.22"]
[Round "2.3"]
[White "Michael Feygin"]
[Black "Jan-Krzysztof Duda"]
[Result "0-1"]
[EventDate "2023.10.21"]
[WhiteElo "2470"]
[BlackElo "2726"]
[PlyCount "58"]

1. d4 Nf6 2. Nf3 d5 3. e3 c5 4. b3 cxd4 5. exd4 Nc6 6. Bd3 Qa5+ 7. Bd2 Qb6 8. Be3 Bg4 9. O-O e6 10. c4 dxc4 11. bxc4 Bxf3 12. Qxf3 Nxd4 13. Bxd4 Qxd4 14. Bc2 Bd6 15. Ba4+ Kf8 16. Nc3 Qf4 17. Qxf4 Bxf4 18. Rab1 b6 19. Rfd1 Ke7 20. c5 Rhc8 21. c6 Be5 22. Ne2 Ne4 23. Rd7+ Kf8 24. f4 Bf6 25. f5 Nc5 26. fxe6 Nxa4 27. Rxf7+ Kg8 28. c7 Nc5 29. Nf4 Bd4+ 0-1

[Event "Bundesliga"]
[Site "GER"]
[Date "2023.10.21"]
[Round "1.3"]
[White "Jan-Krzysztof Duda"]
[Black "Aryan Tari"]
[Result "1-0"]
[EventDate "2023.10.21"]
[WhiteElo "2726"]
[BlackElo "2619"]
[PlyCount "90"]

1. c4 e5 2. Nc3 Nf6 3. Nf3 Nc6 4. g3 d5 5. cxd5 Nxd5 6. Bg2 Bc5 7. O-O O-O 8. d3 h6 9. Nxd5 Qxd5 10. Bd2 Rd8 11. Bc3 Qe6 12. Nd2 Qe7 13. Nc4 Bd6 14. e3 Be6 15. Qh5 Qd7 16. h3 b5 17. Nxe5 Bxe5 18. Bxe5 Bd5 19. Bf4 Bxg2 20. Kxg2 g5 21. Bxc7 Qxc7 22. Qxh6 Ne5 23. Qxg5+ Kf8 24. Qh6+ Kg8 25. d4 Qb7+ 26. f3 Nd3 27. Rfd1 Nxb2 28. Rdb1 Na4 29. Qg5+ Kf8 30. Rxb5 Qc6 31. h4 Rdb8 32. Rf5 Rb6 33. h5 Re8 34. e4 Nb2 35. Rc1 Qd6 36. e5 Qh6 37. Rxf7+ Kxf7 38. Rc7+ Kf8 39. Qf5+ Rf6 40. Qxf6+ Qxf6 41. exf6 Re2+ 42. Kh3 Re6 43. h6 Rxf6 44. h7 Rh6+ 45. Kg4 1-0

[Event "The World Rapid Team Championship"]
[Site "Duesseldorf GER"]
[Date "2023.08.28"]
[Round "10.9"]
[White "Jan-Krzysztof Duda"]
[Black "Shant Sargsyan"]
[Result "1/2-1/2"]
[EventDate "2023.08.26"]
[WhiteElo "2732"]
[BlackElo "2639"]
[PlyCount "90"]

1. Nf3 d5 2. c4 e6 3. g3 Nf6 4. Bg2 dxc4 5. Qa4+ Bd7 6. Qxc4 c5 7. Ne5 Qc8 8. Qd3 Nc6 9. Nxd7 Nxd7 10. Nc3 Be7 11. O-O O-O 12. b3 Rd8 13. Qc2 Nf6 14. Bb2 Nb4 15. Qc1 Qd7 16. Rd1 Rac8 17. d3 b6 18. Qd2 Nbd5 19. Rac1 Nxc3 20. Qxc3 Ne8 21. e4 a5 22. a4 e5 23. h4 Rc6 24. Qc4 Bf6 25. d4 exd4 26. e5 Bxe5 27. Bxc6 Qxc6 28. Re1 Bf6 29. Rcd1 Nd6 30. Qd3 h6 31. Rd2 c4 32. bxc4 Qxc4 33. Ba3 Qxd3 34. Rxd3 Nc4 35. Kf1 Nxa3 36. Rxa3 d3 37. Rd1 d2 38. Rb3 Be7 39. Rxb6 Bb4 40. Rxb4 axb4 41. Ke2 Ra8 42. Ra1 b3 43. Kxd2 b2 44. Rb1 Rxa4 45. Rxb2 1/2-1/2

[Event "The World Rapid Team Championship"]
[Site "Duesseldorf GER"]
[Date "2023.08.28"]
[Round "11.9"]
[White "Parham Maghsoodloo"]
[Black "Jan-Krzysztof Duda"]
[Result "0-1"]
[EventDate "2023.08.26"]
[WhiteElo "2702"]
[BlackElo "2732"]
[PlyCount "80"]

1. e4 e5 2. Nf3 Nc6 3. Bc4 Bc5 4. O-O Nf6 5. d3 d6 6. a4 a6 7. c3 Ba7 8. Nbd2 O-O 9. h3 Re8 10. Re1 Be6 11. Bxe6 Rxe6 12. b4 d5 13. Qc2 d4 14. Bb2 Nh5 15. b5 dxc3 16. Bxc3 Nd4 17. Bxd4 Bxd4 18. Nxd4 Qxd4 19. Nb3 Qd8 20. g3 Rh6 21. Kg2 Qg5 22. Rh1 Rd8 23. d4 Rg6 24. Kh2 c6 25. bxa6 bxa6 26. dxe5 Qxe5 27. Rad1 Rb8 28. Rhg1 h6 29. Rd3 Rb4 30. Re3 Rxa4 31. Nc5 Ra5 32. Nd3 Qe6 33. e5 Ra2 34. Qd1 Rg5 35. Rg2 Qd5 36. Qb1 Rd2 37. Qf1 c5 38. f4 Rxg3 39. Rxd2 Rxe3 40. Qd1 Ng3 0-1

[Event "The World Rapid Team Championship"]
[Site "Duesseldorf GER"]
[Date "2023.08.27"]
[Round "5.9"]
[White "Jan-Krzysztof Duda"]
[Black "Santosh Gujrathi Vidit"]
[Result "1-0"]
[EventDate "2023.08.26"]
[WhiteElo "2732"]
[BlackElo "2723"]
[PlyCount "126"]

1. d4 Nf6 2. c4 e6 3. Nf3 d5 4. Nc3 c5 5. cxd5 cxd4 6. Qa4+ Bd7 7. Qxd4 exd5 8. e3 Nc6 9. Qd3 Bg4 10. Be2 Bc5 11. O-O O-O 12. Rd1 Nb4 13. Qb1 Re8 14. a3 Nc6 15. b4 Bb6 16. h3 Bh5 17. Ra2 Rc8 18. Qb3 d4 19. Na4 Qe7 20. Nxb6 axb6 21. Rc2 Bg6 22. Rb2 Be4 23. Nxd4 Nxd4 24. exd4 Bd5 25. Qe3 Qd7 26. Qf4 Qa4 27. Bf3 Rc3 28. Be3 Qxa3 29. Rbb1 h6 30. Qf5 Qa2 31. Ra1 Qc4 32. Bxh6 Bxf3 33. Qg5 Nh5 34. gxf3 g6 35. d5 Kh7 36. d6 f6 37. Qd2 Rc2 38. d7 Rd8 39. Qe3 Qf7 40. Qxb6 Rxd7 41. Be3 Rc6 42. Qb5 Re7 43. Ra8 Qc4 44. Qa5 b6 45. Qd5 Qxd5 46. Rxd5 Rc4 47. Rb5 Nf4 48. Kh2 Rb7 49. Rd8 Ne2 50. Rd6 Nc3 51. Rdxb6 Rbc7 52. Rc5 f5 53. Rxc7+ Rxc7 54. b5 Nd5 55. Rc6 Re7 56. Bg5 Re2 57. Rd6 Nc3 58. b6 Rxf2+ 59. Kg3 Rb2 60. Rd7+ Kg8 61. b7 Ne2+ 62. Kh4 Ng1 63. Bf4 1-0

[Event "The World Rapid Team Championship"]
[Site "Duesseldorf GER"]
[Date "2023.08.26"]
[Round "2.9"]
[White "Jan-Krzysztof Duda"]
[Black "M Pranesh"]
[Result "1/2-1/2"]
[EventDate "2023.08.26"]
[WhiteElo "2732"]
[BlackElo "2503"]
[PlyCount "118"]

1. d4 d5 2. c4 e6 3. Nf3 Nf6 4. g3 dxc4 5. Bg2 Bb4+ 6. Bd2 a5 7. O-O O-O 8. Bg5 Nc6 9. e3 h6 10. Bxf6 Qxf6 11. Nfd2 e5 12. d5 Ne7 13. Nxc4 Rd8 14. a3 Bc5 15. Nc3 Bf5 16. Qb3 b6 17. Rad1 Rac8 18. Ne4 Bxe4 19. Bxe4 Nf5 20. Qc3 Nd6 21. Nxd6 Bxd6 22. Rc1 Re8 23. h4 h5 24. Qd3 g6 25. Rc6 Re7 26. Bg2 e4 27. Bxe4 Qxb2 28. Rc3 Rce8 29. Rb1 Qa2 30. Qc2 Qxc2 31. Bxc2 f5 32. Ba4 Rf8 33. Kg2 Kg7 34. Bb5 Rf6 35. Rbb3 Kh6 36. Rc4 Kg7 37. a4 Kh6 38. Rbc3 Kg7 39. f4 Rff7 40. Kf3 Rf6 41. Rc6 Kf7 42. Bd3 Kg7 43. R3c4 Kf7 44. Rc2 Kg7 45. R2c4 Kf7 46. e4 fxe4+ 47. Rxe4 Rxe4 48. Kxe4 Kg7 49. Kf3 Rf7 50. Rc2 Kf6 51. Rg2 Kg7 52. Rg1 Bc5 53. Re1 Re7 54. Be4 Bd6 55. g4 hxg4+ 56. Kxg4 Kh6 57. Re2 Re8 58. Bd3 Rxe2 59. Bxe2 Kg7 1/2-1/2

[Event "The World Rapid Team Championship"]
[Site "Duesseldorf GER"]
[Date "2023.08.26"]
[Round "3.9"]
[White "Jan-Krzysztof Duda"]
[Black "Evgeny Alekseev"]
[Result "1-0"]
[EventDate "2023.08.26"]
[WhiteElo "2732"]
[BlackElo "2573"]
[PlyCount "78"]

1. d4 Nf6 2. Bg5 e6 3. e4 h6 4. Bxf6 Qxf6 5. c3 d6 6. Nd2 e5 7. Ngf3 g6 8. Nc4 Nd7 9. Ne3 Bg7 10. Bb5 c6 11. Ba4 Nb6 12. d5 Bd7 13. Bb3 O-O 14. a4 a5 15. Nd2 Qd8 16. Ndc4 Nxc4 17. Bxc4 Qc7 18. h4 Kh8 19. h5 g5 20. O-O Bf6 21. Be2 Rfd8 22. b4 axb4 23. cxb4 Qb6 24. b5 Qd4 25. Qb1 cxd5 26. Nxd5 Kg7 27. Rd1 Qc5 28. Rc1 Qd4 29. a5 Rac8 30. Rd1 Qc5 31. Nb6 Rc7 32. Nxd7 Rcxd7 33. Rd5 Qc3 34. b6 Ra8 35. Qc1 Qb4 36. Qc2 Rdd8 37. Bg4 Ra6 38. Ra4 Qe1+ 39. Kh2 1-0

[Event "The World Rapid Team Championship"]
[Site "Duesseldorf GER"]
[Date "2023.08.26"]
[Round "4.9"]
[White "Pawel Teclaf"]
[Black "Jan-Krzysztof Duda"]
[Result "0-1"]
[EventDate "2023.08.26"]
[WhiteElo "2586"]
[BlackElo "2732"]
[PlyCount "132"]

1. Nf3 d5 2. e3 Nf6 3. c4 e6 4. b3 Be7 5. Bb2 O-O 6. Nc3 dxc4 7. Bxc4 a6 8. Be2 c5 9. d4 Nbd7 10. O-O b5 11. dxc5 Nxc5 12. b4 Ncd7 13. a4 bxa4 14. Qxa4 Bb7 15. Nd4 Qb6 16. b5 Rfc8 17. Rfb1 Nc5 18. Qa5 Qxa5 19. Rxa5 Bd8 20. Ra2 a5 21. Nc6 Bxc6 22. bxc6 Rab8 23. Bb5 Nd5 24. Nxd5 Rxb5 25. c7 exd5 26. cxd8=Q+ Rxd8 27. Rd1 Nb3 28. g3 Rc8 29. Ba3 f6 30. Rd3 Kf7 31. Kg2 Rc4 32. Rb2 a4 33. Ra2 g5 34. h3 h5 35. Rd1 Ke6 36. Rd3 Na5 37. Rd1 Nc6 38. Kf1 g4 39. hxg4 hxg4 40. Rda1 Rb8 41. Bc1 Ne5 42. Ke2 Ra8 43. Rb1 Ra6 44. Rba1 Kf5 45. Rb1 Nf3 46. Rba1 Rac6 47. Kd1 Ra6 48. Rb1 Ng5 49. Bb2 Rb6 50. Rba1 Ne4 51. Ke1 Rc2 52. Bd4 Rb1+ 53. Rxb1 Rxa2 54. Rb5 Rxf2 55. Rxd5+ Ke6 56. Ra5 Ra2 57. Kd1 a3 58. Kc1 Kf7 59. Ra6 Rf2 60. Rxa3 Nxg3 61. Kd1 Ne4 62. Ra7+ Kg6 63. Ra8 g3 64. Ke1 g2 65. Rg8+ Kf7 66. Rg4 Rf1+ 0-1

[Event "SuperUnited Blitz Croatia"]
[Site "Zagreb CRO"]
[Date "2023.07.08"]
[Round "10"]
[White "Constantin Lupulescu"]
[Black "Jan-Krzysztof Duda"]
[Result "1/2-1/2"]
[EventDate "?"]
[WhiteElo "2584"]
[BlackElo "2732"]
[PlyCount "108"]

1. d4 Nf6 2. c4 e6 3. Nc3 Bb4 4. e3 c5 5. Ne2 cxd4 6. exd4 d5 7. a3 Bxc3+ 8. Nxc3 dxc4 9. Bxc4 O-O 10. O-O Nc6 11. d5 exd5 12. Nxd5 Be6 13. Nxf6+ Qxf6 14. Bxe6 Qxe6 15. Be3 Rfd8 16. Qc2 Na5 17. Rad1 Rdc8 18. Qd3 Qg6 19. Qxg6 hxg6 20. Rd7 b6 21. Rfd1 Rc2 22. R1d2 Rc1+ 23. Rd1 Rxd1+ 24. Rxd1 Nc4 25. Bc1 Rc8 26. g3 f6 27. Kg2 g5 28. h3 Ne5 29. Be3 Kf7 30. Rd4 Ke6 31. Ra4 Rc7 32. b3 Nc6 33. Rc4 Kd5 34. Rc2 Re7 35. Rd2+ Ke6 36. Rc2 Kd7 37. Rd2+ Kc7 38. Rc2 Kb7 39. Rd2 b5 40. Rd5 a6 41. b4 Ne5 42. Rd6 Nc4 43. Rd3 Kc6 44. Bc5 Rd7 45. Rc3 a5 46. a4 Rd5 47. Bf8 axb4 48. Bxb4 Kb6 49. axb5 Kxb5 50. Bf8 Rd7 51. Rb3+ Kc6 52. Rc3 Kb5 53. Rb3+ Kc6 54. Rc3 1/2-1/2

[Event "Global Chess League"]
[Site "Dubai UAE"]
[Date "2023.07.01"]
[Round "10.1"]
[White "Jan-Krzysztof Duda"]
[Black "Ian Nepomniachtchi"]
[Result "1/2-1/2"]
[EventDate "2023.06.22"]
[WhiteElo "2732"]
[BlackElo "2779"]
[PlyCount "56"]

1. e4 c5 2. Nf3 e6 3. g3 d5 4. exd5 exd5 5. d4 cxd4 6. Nxd4 Nf6 7. Bg2 Bg4 8. Qd3 Nc6 9. O-O Be7 10. Nxc6 bxc6 11. c4 O-O 12. cxd5 Nxd5 13. Nc3 Nxc3 14. Qxc3 Bf6 15. Qxc6 Rb8 16. Qa4 Qd4 17. Qxd4 Bxd4 18. Re1 h5 19. h3 Be6 20. Be3 Bxe3 21. Rxe3 Rxb2 22. Ra3 Rd8 23. Rxa7 Rdd2 24. Rb7 Rxb7 25. Bxb7 Bxa2 26. h4 g6 27. Bf3 Kg7 28. Rd1 1/2-1/2

[Event "Global Chess League"]
[Site "Dubai UAE"]
[Date "2023.06.29"]
[Round "8"]
[White "Jan-Krzysztof Duda"]
[Black "Vachier-Lagrave, Maxime"]
[Result "1/2-1/2"]
[EventDate "?"]
[WhiteElo "2794"]
[BlackElo "2767"]
[PlyCount "184"]

1. d4 Nf6 2. Bg5 d5 3. e3 c5 4. Bxf6 gxf6 5. dxc5 Nc6 6. c4 d4 7. exd4 Qxd4 8. Nc3 Qxc5 9. Nf3 Bh6 10. Qd5 Qb4 11. Qb5 a6 12. Qxb4 Nxb4 13. Rd1 Nc2+ 14. Ke2 Be6 15. Nd4 Bxc4+ 16. Kf3 Nxd4+ 17. Rxd4 Be6 18. Bc4 Rc8 19. Bxe6 fxe6 20. Rhd1 b5 21. a4 Kf7 22. axb5 axb5 23. Rb4 Rb8 24. Rd7 f5 25. Rxb5 Rxb5 26. Nxb5 Rb8 27. Nd6+ Kf6 28. Rb7 Rd8 29. Nc4 e5 30. Nxe5 Kxe5 31. Rxe7+ Kf6 32. Rxh7 Kg6 33. Rb7 Rd3+ 34. Ke2 Rd2+ 35. Kf3 Bg7 36. g4 fxg4+ 37. Kxg4 Rxf2 38. h4 Bxb2 39. h5+ Kf6 40. h6 Kg6 41. h7 Bg7 42. h8=N+ Bxh8 43. Rb6+ Bf6 44. Ra6 Rb2 45. Ra5 Rb4+ 46. Kf3 Be7 47. Re5 Kf6 48. Re4 Rb3+ 49. Re3 Rb5 50. Ke4 Bd6 51. Rf3+ Ke6 52. Re3 Rb4+ 53. Kf3+ Kf5 54. Rd3 Be5 55. Ke3 Rh4 56. Kf3 Bd4 57. Kg3 Rg4+ 58. Kf3 Rf4+ 59. Kg3 Bf2+ 60. Kg2 Kg4 61. Rd8 Bh4 62. Rg8+ Bg5 63. Rg7 Rc4 64. Rf7 Bh6 65. Kf1 Bf4 66. Ke2 Rd4 67. Rg7+ Bg5 68. Rg8 Rd5 69. Rg7 Rd8 70. Rf7 Rd2+ 71. Ke1 Ra2 72. Rg7 Kf5 73. Kf1 Kf4 74. Ke1 Ke3 75. Kd1 Bf4 76. Rb7 Be5 77. Rb3+ Ke4 78. Kc1 Bd4 79. Kd1 Be3 80. Rb4+ Kf3 81. Rb3 Rd2+ 82. Kc1 Ke4 83. Rb2 Rh2+ 84. Kb1 Bd2 85. Kc2 Kd4 86. Kb3 Kd3 87. Ka4 Rh5 88. Rb5 Rh8 89. Kb3 Bc3 90. Rd5+ Bd4 91. Rb5 Rh1 92. Rb4 1/2-1/2

[Event "Global Chess League 2023"]
[Site "Dubai UAE"]
[Date "2023.06.28"]
[Round "7.1"]
[White "Levon Aronian"]
[Black "Jan-Krzysztof Duda"]
[Result "1-0"]
[EventDate "2023.06.22"]
[WhiteElo "2742"]
[BlackElo "2732"]
[PlyCount "104"]

1. e4 e5 2. Nf3 Nc6 3. Bc4 Bc5 4. O-O Nf6 5. d3 d6 6. c3 a5 7. Re1 O-O 8. h3 h6 9. Nbd2 Be6 10. Bb5 Ba7 11. Nf1 Ne7 12. d4 Ng6 13. Ng3 c6 14. Bd3 Re8 15. Be3 a4 16. b4 a3 17. Bc2 Qc7 18. Qc1 b5 19. Nf5 Bxf5 20. exf5 Nf4 21. Bxf4 exf4 22. Qxf4 Bb6 23. Bb3 Rad8 24. g4 Qc8 25. Rxe8+ Rxe8 26. Re1 Rxe1+ 27. Nxe1 d5 28. Bc2 Bc7 29. Qe3 Kf8 30. Nd3 Bb8 31. Ne5 Nd7 32. Nxf7 Qc7 33. Nh8 Qh2+ 34. Kf1 Nf6 35. Ng6+ Kg8 36. Qf3 Kf7 37. Qg2 Nd7 38. Qxh2 Bxh2 39. Ke2 Kf6 40. h4 Nb6 41. f4 Bg3 42. g5+ Kf7 43. Ne5+ Kf8 44. gxh6 gxh6 45. f6 Nc4 46. Bf5 Nd6 47. Be6 h5 48. Kd3 Be1 49. Kc2 Bf2 50. Kb3 Be1 51. f5 Bd2 52. f7 1-0